Disney: Tarzan Quiz - Statistics

General Stats
  • This quiz has been taken 237 times
  • The average score is 14 of 26
Answer Stats
Questions Answer % Correct
What animal is he? Elephant
91%
What colour is Tantor? Red
80%
Who teaches Tarzan English? Jane
78%
Who recorded the soundtrack for the film? Phil Collins
77%
Colour of Jane's parasol Yellow
72%
Name of Tarzan's Gorilla friend Terk
67%
What colour is the butterfly on Tarzan's face at the start of the film? Blue
66%
Who does Kerjack save from being shot? Tarzan
65%
Who says "Forgive me for not understanding, you have always been one of us"? Kerchak
64%
And its colour... White
60%
What does Tarzan call the sound of gunfire Clayton
57%
What drink is Tarzan offered from Clayton? Red wine
56%
Which item of Jane's flies off the row boat? Glove
55%
Which character sings "You'll Be In My Heart" Kala
54%
At the start of the film something is on fire. What is it? Ship
54%
Who breaks Tarzan out of the ship? Tantor
51%
What is Jane's surname? Porter
46%
Name of the leopard Sabor
44%
What does Tarzan show Jane to make her stay? Gorillas
43%
What do the elephants mistake Tarzan for? Piranha
43%
Fill in the blank: "For one so small, you seem so _______" Strong
41%
What was he trying to get? Elephant hair
40%
Jane's father is called... Archimedes
33%
What does Tarzan use to kill the Leopard? Knife
30%
Clayton and the other poachers light up the jungle red using what? Flares
25%
What does Tarzan teach Jane to say in "Gorilla"? Jane stays with Tarzan
20%
No matching quizzes found
Score Distribution
Percent of People with Each Score
Percentile by Number Answered
Your Score History
You have not taken this quiz